Geography Ending in C, Starting with A-Z - Statistics

General Stats
  • This quiz has been taken 20 times
  • The average score is 8 of 26
Answer Stats
Clue Answer ending in C % Correct
C Another French town, in Charente, which a type of brandy is named after Cognac
83%
Q Province and city in Canada Quebec
83%
B Dordogne town with the same name as a Jersey-based, 1980s British TV detective Bergerac
44%
E A feline pet, energy, and a chest muscle are in this large Mexico City suburb Ecatepec
44%
L Czech city of freedom, it seems, where I have beer mixture Liberec
39%
P New York suburb containing a donkey with artifical intelligence Passaic
39%
A Departmental capital of Cantal in France - in its aura, a word meaning sick Aurillac
33%
T Strategy is needed, to find the name of this Guatemalan town Tactic
33%
F I age weirdly in this town in Lot, France Figeac
28%
H Pork, and a nervous twitch, form this Filipino municipality's name Hamtic
28%
I Take a vehicle east to this N. Croatian town Ivanec
28%
K With an old cloth, you and I in France go to this major city of Serbia Kragujevac
28%
O Czech city where a blood group gets added into NZ rugby star Jonah Olomouc
28%
R Missouri town whose name is a Platonic system of government Republic
28%
S City in Haiti named after the writer of a Bible gospel Saint Marc
28%
U A small vacuum is found this river and nature reserve in Serbia Uvac
28%
M Wisconsin fellow I have to woo in a heartless way Manitowoc
22%
J I get into tough plant fibre to face this muscly-sounding Mexican city Jiutepec
22%
N The loud and the dry Paris suburb Noisy-le-Sec
22%
V Very small Hungarian city Vac
22%
W Bill, one fellow with a musical note in Connecticut Willimantic
22%
D Serbian town which sounds like a hoover brand for evil dictators Despotovac
17%
Z Beer-producing Polish town which is the very last entry in the index of the atlas Zywiec
17%
Y Finished in France, with an F note heard all around, in Brittany Yffiniac
11%
G Large town in Kosovo with fifty insignia for victory Gllogovc
0%
X Mountain map book goes south to...uh...a town in Guerrero, Mexico Xalpatlahuac
0%
No matching quizzes found
Score Distribution
Percent of People with Each Score
Percentile by Number Answered
Your Score History
You have not taken this quiz